| 000 | 01314nam a2200301 i 4500 | ||
|---|---|---|---|
| 001 | 183330 | ||
| 003 | ES-MaACL | ||
| 005 | 20250819173623.0 | ||
| 008 | 140324s2012 sp a |||| | spa d | ||
| 020 | _a978-84-695-6290-1 | ||
| 080 | _a636.1.088(02)"15" | ||
| 080 | _a791.862(02)"15" | ||
| 100 | 1 |
_aRuiz de Villegas, Hernán. _9154606 |
|
| 245 | 1 | 0 |
_aTratado de cauallería a la gineta (1567-1572) / _cpor Hernán Ruiz de Villegas ; estudios introductorios por Valentín Moreno Gallego y José Campos Cañizares ; transcripción y anotación del texto por Valentín Moreno Gallego. |
| 246 | 3 | _aTratado de cavallería a la gineta (1567-1572) | |
| 260 |
_aMadrid : _bUnión de Bibliófilos Taurinos, _c2012. |
||
| 300 |
_a203 p. : _bil. ; _c26 cm. |
||
| 504 | _aBibliografía: p. 66-69. | ||
| 650 | 4 |
_aCaballos- _xAdiestramiento- _vObras anteriores a 1800. _9154607 |
|
| 650 | 4 |
_aCorridas de toros- _vObras anteriores a 1800. _9163407 |
|
| 700 | 1 |
_aCampos Cañizares, José. _9138349 |
|
| 700 | 1 |
_aMoreno Gallego, Valentín, _d1966- _9147408 |
|
| 710 | 2 |
_aUnión de Bibliófilos Taurinos. _97005 |
|
| 852 |
_aES-MaACL _jA-13069 _9190269 _bR.149924 _cDEPO1 _dOlim: N-6069 _hDonación: José Campos |
||
| 903 |
_9138349 _aCampos Cañizares, José _ednr |
||
| 942 |
_2udc _cMONOGRAFIA |
||
| 999 |
_c183330 _d183330 |
||